Is there anybody there? (Record no. 72078)

MARC details
000 -LEADER
fixed length control field 01142cam a2200241 4500
001 - CONTROL NUMBER
control field ABS66356
008 - FIXED-LENGTH DATA ELEMENTS--GENERAL INFORMATION
fixed length control field 030207n2003 000 0 eng u
035 ## - SYSTEM CONTROL NUMBER
System control number (Sirsi) u121275
100 ## - MAIN ENTRY--PERSONAL NAME
Personal name Nickalls, S.
245 ## - TITLE STATEMENT
Title Is there anybody there?
260 ## - PUBLICATION, DISTRIBUTION, ETC.
Date of publication, distribution, etc. 2003
490 ## - SERIES STATEMENT
Series statement Roof
Volume/sequential designation January/February 2003, 26-27(2)
520 ## - SUMMARY, ETC.
Summary, etc. Looks at the problems caused to Scottish planners and housing officials by inaccurate 1991 census population estimates which have been recently corrected. Examines the trends in Scotland's population indicated by the 2001 census: a slow decline in the population as a whole with an overall increase in the number of households and elderly people, and a population drift from the west coast to the east coast. Highlights the lack of a nationwide planning view in Scotland which is being rectified by the current formulation of a national spatial framework.
590 ## - LOCAL NOTE (RLIN)
Local note ABS
650 ## - SUBJECT ADDED ENTRY--TOPICAL TERM
Topical term or geographic name entry element SCOTLAND
650 ## - SUBJECT ADDED ENTRY--TOPICAL TERM
Topical term or geographic name entry element POPULATION ESTIMATES
650 ## - SUBJECT ADDED ENTRY--TOPICAL TERM
Topical term or geographic name entry element UK CENSUS 1991
650 ## - SUBJECT ADDED ENTRY--TOPICAL TERM
Topical term or geographic name entry element CENSUS 2001
650 ## - SUBJECT ADDED ENTRY--TOPICAL TERM
Topical term or geographic name entry element PLANNING FRAMEWORK
650 ## - SUBJECT ADDED ENTRY--TOPICAL TERM
Topical term or geographic name entry element HOUSING NEEDS
690 ## - LOCAL SUBJECT ADDED ENTRY--TOPICAL TERM (OCLC, RLIN)
Topical term or geographic name as entry element Affordable housing
9 (RLIN) 6215
942 ## - ADDED ENTRY ELEMENTS (KOHA)
Suppress in OPAC 0
Holdings
Withdrawn status Lost status Source of classification or shelving scheme Damaged status Not for loan Home library Current library Shelving location Date acquired Total Checkouts Full call number Barcode Date last seen Copy number Price effective from Koha item type
    Dewey Decimal Classification     London London Journal article 07/02/2003   ABS66356 121275-1001 06/08/2019 1 06/08/2019 Journal article